| 000 | 00661nam a2200205Ia 4500 | ||
|---|---|---|---|
| 003 | GCL | ||
| 008 | 140319s9999 xx 000 0 ara d | ||
| 040 |
_aGCL / _cGCL |
||
| 082 | 0 | 4 |
_a341.5 _bا ح |
| 100 | 1 | _aاحمد صادق القشيرى | |
| 245 | 1 | 0 |
_aحكم هيئة تحكيم طابا دراسة تحليلية موثقة لاهم جوانبة / _cاحمد صادق القشيرى |
| 260 |
_a[S.N] : _bمركز البحوث والدراسات السياسية ، _c1990 |
||
| 300 | _a185 ص | ||
| 490 | _a | ||
| 650 | 0 | 4 | _aمصر |
| 650 | 0 | 4 | _aالقانون الدولى |
| 650 | 0 | 4 | _aاسرائيل |
| 650 | 0 | 4 | _aسيناء |
| 942 |
_2ddc _cBK |
||
| 999 |
_c32378 _d32378 |
||